<?xml version="1.0" encoding="UTF-8"?>
<collection xmlns="http://www.loc.gov/MARC21/slim">
 <record>
  <leader>01540nam a22002297a 4500</leader>
  <controlfield tag="001">NCT_27832</controlfield>
  <controlfield tag="008">180224b        xxu||||| |||| 00| 0 vie d</controlfield>
  <datafield tag="999" ind1=" " ind2=" ">
   <subfield code="c">1333</subfield>
   <subfield code="d">1333</subfield>
  </datafield>
  <datafield tag="020" ind1=" " ind2=" ">
   <subfield code="a">9786040037718</subfield>
   <subfield code="c">50000</subfield>
  </datafield>
  <datafield tag="082" ind1="0" ind2="4">
   <subfield code="2">23rd ed.</subfield>
   <subfield code="a">604.2076</subfield>
   <subfield code="b">Qu250/T.1</subfield>
  </datafield>
  <datafield tag="100" ind1="1" ind2=" ">
   <subfield code="a">Trần Hưu Quế</subfield>
   <subfield code="e">Chủ biên</subfield>
  </datafield>
  <datafield tag="245" ind1="1" ind2=" ">
   <subfield code="a">Vẽ Kỹ thuật cơ khí</subfield>
   <subfield code="n">Tập 1</subfield>
   <subfield code="b">(Sách dùng cho các trường đại học kỹ thuật)</subfield>
   <subfield code="c">Trần Hữu Quế (chủ biên), Đặng Văn Cứ, Nguyễn Văn Tuấn</subfield>
  </datafield>
  <datafield tag="250" ind1=" " ind2=" ">
   <subfield code="a">Tái bản lần thứ 7</subfield>
  </datafield>
  <datafield tag="260" ind1=" " ind2=" ">
   <subfield code="a">H.</subfield>
   <subfield code="b">Giáo dục</subfield>
   <subfield code="c">2016</subfield>
  </datafield>
  <datafield tag="300" ind1=" " ind2=" ">
   <subfield code="a">227 tr.</subfield>
   <subfield code="b">Hình ảnh</subfield>
   <subfield code="c">27cm</subfield>
  </datafield>
  <datafield tag="520" ind1="3" ind2=" ">
   <subfield code="a">Nội dung nói về dụng cụ vẽ và cách sử dụng, vẽ kỹ thuật trợ giúp bằng máy tính điện tử, tiêu chuẩn về trình bày bản vẽ kỹ thuật, vẽ hình học, biểu diễn vật thể, biểu diễn đối tượng trong CADD, hình chiếu trục đo và hình chiếu phối cảnh, xây dựng hình biểu diễn nỗi và tạo hình ảnh thực, biểu diễn ren và chi tiết ghép.</subfield>
  </datafield>
  <datafield tag="653" ind1=" " ind2=" ">
   <subfield code="a">Công nghệ kỹ thuật ô tô</subfield>
  </datafield>
  <datafield tag="700" ind1="1" ind2=" ">
   <subfield code="a">Đặng Văn Cứ</subfield>
  </datafield>
  <datafield tag="700" ind1="1" ind2=" ">
   <subfield code="a">Nguyễn Văn Tuấn</subfield>
  </datafield>
  <datafield tag="942" ind1=" " ind2=" ">
   <subfield code="2">ddc</subfield>
   <subfield code="c">BK</subfield>
  </datafield>
  <datafield tag="952" ind1=" " ind2=" ">
   <subfield code="0">0</subfield>
   <subfield code="1">0</subfield>
   <subfield code="2">ddc</subfield>
   <subfield code="4">0</subfield>
   <subfield code="6">604_207600000000000_QU250_T_1</subfield>
   <subfield code="7">0</subfield>
   <subfield code="9">6659</subfield>
   <subfield code="a">000001</subfield>
   <subfield code="b">000001</subfield>
   <subfield code="d">2018-02-24</subfield>
   <subfield code="o">604.2076 Qu250/T.1</subfield>
   <subfield code="p">MD.09849</subfield>
   <subfield code="r">2018-02-24</subfield>
   <subfield code="v">50000.00</subfield>
   <subfield code="w">2018-02-24</subfield>
   <subfield code="y">BK</subfield>
  </datafield>
  <datafield tag="980" ind1=" " ind2=" ">
   <subfield code="a">Thư viện Trường Đại học Nam Cần Thơ</subfield>
  </datafield>
 </record>
</collection>
